=LDR 00000nam 2200000 4500 =001 INLIS000000000023722 =005 20130612122345 =008 ***********************************Ind** =035 ##$$0010-061300000023722 =041 ##$$a Ind =082 ##$$a 650.83 =090 ##$$a 650.83, Raf k =100 ##$$a Rafitas, Budi =245 ##$$a Kiat sukses broker properti, Budi Rafitas =260 ##$$a 2005 $b Jakarta =300 ##$$a 124 hlm, ilus, 21 cm =650 ##$$a Bisnis =850 ##$$a NBPNMAT